[Event "Montevideo Duchamp Cup 6th"]
[Site "Montevideo"]
[Date "2023.02.09"]
[Round "7"]
[White "Martinez Tagliafico, Sergio"]
[Black "Romero, Juan Ignacio"]
[Result "0-1"]
[WhiteElo "1748"]
[BlackElo "1896"]
[PlyCount "66"]
[EventDate "2023.02.03"]
[EventType "swiss"]
[EventRounds "9"]
[EventCountry "URU"]
[SourceTitle "CBM 212 Extra"]
[Source "ChessBase"]
[SourceDate "2023.03.31"]
[SourceVersion "1"]
[SourceVersionDate "2023.03.31"]
[SourceQuality "1"]

1. d4 Nf6 2. c4 g6 3. Nc3 Bg7 4. Nf3 0-0 5. Bg5 d6 6. e3 c5 7. d5 Nbd7 8. Be2 a6 9. Qc2 Rb8 10. Rd1 Ne8 11. 0-0 Ne5 12. Nd2 h6 13. Bh4 f5 14. f4 Nf7 15. Nf3 Qd7 16. Bd3 Nf6 17. e4 Ng4 18. Rfe1 g5 19. Bg3 gxf4 20. Bxf4 fxe4 21. Nxe4 Nfe5 22. Nxe5 Nxe5 23. Bxe5 Bxe5 24. Rf1 Rf4 25. Qd2 Qg4 26. Rxf4 Bxf4 27. Qe2 Qg7 28. Rf1 Bg4 29. Qe1 Rf8 30. Nf2 Bf3 31. Qe6+ Kh8 32. Qh3 Be3 33. Kh1 Bxd5 0-1

[Event "Montevideo Duchamp Cup 6th"]
[Site "Montevideo"]
[Date "2023.02.08"]
[Round "6"]
[White "Agrasot, Antonio"]
[Black "Martinez Tagliafico, Sergio"]
[Result "0-1"]
[WhiteElo "1526"]
[BlackElo "1748"]
[PlyCount "68"]
[EventDate "2023.02.03"]
[EventType "swiss"]
[EventRounds "9"]
[EventCountry "URU"]
[SourceTitle "CBM 212 Extra"]
[Source "ChessBase"]
[SourceDate "2023.03.31"]
[SourceVersion "1"]
[SourceVersionDate "2023.03.31"]
[SourceQuality "1"]

1. e4 c5 2. Nf3 g6 3. d4 cxd4 4. Qxd4 Nf6 5. e5 Nc6 6. Qc4 d5 7. exd6 Qxd6 8. c3 Be6 9. Qf4 Qd5 10. Be2 h5 11. Ng5 Bh6 12. Bf3 Qb5 13. Be2 Qa5 14. h4 Nd5 15. Qg3 Bf5 16. Nd2 f6 17. Nh3 e5 18. Nc4 Qc7 19. Bxh6 Rxh6 20. Bd3 Nce7 21. Nd2 Bxd3 22. Qxd3 0-0-0 23. Qf3 Qb6 24. 0-0-0 Rhh8 25. Rhe1 Kb8 26. Qe4 Rc8 27. Nb3 Rhd8 28. Rd3 Qa6 29. Red1 Qxa2 30. Kc2 Qa6 31. Rxd5 Nxd5 32. Rxd5 Qc6 33. Nd2 Qxd5 34. Qxd5 Rxd5 0-1

[Event "Montevideo Duchamp Cup 6th"]
[Site "Montevideo"]
[Date "2023.02.07"]
[Round "5"]
[White "Martinez Tagliafico, Sergio"]
[Black "Borgiani, Leonardo"]
[Result "1/2-1/2"]
[WhiteElo "1748"]
[BlackElo "1655"]
[PlyCount "77"]
[EventDate "2023.02.03"]
[EventType "swiss"]
[EventRounds "9"]
[EventCountry "URU"]
[SourceTitle "CBM 212 Extra"]
[Source "ChessBase"]
[SourceDate "2023.03.31"]
[SourceVersion "1"]
[SourceVersionDate "2023.03.31"]
[SourceQuality "1"]

1. d4 d5 2. c4 c6 3. cxd5 cxd5 4. Bf4 Nf6 5. Nc3 e6 6. e3 Bd6 7. Bxd6 Qxd6 8. Bd3 a6 9. f4 Nbd7 10. Nf3 b5 11. a3 Bb7 12. Ne5 0-0 13. 0-0 Ne4 14. Bxe4 dxe4 15. Nxd7 Qxd7 16. Rc1 Rac8 17. Qd2 Rc7 18. Ne2 Rfc8 19. Rxc7 Rxc7 20. Rc1 Bd5 21. Rxc7 Qxc7 22. Qc3 Qxc3 23. Nxc3 Kf8 24. b4 Ke7 25. Kf2 f5 26. Kg3 Bc6 27. Kh4 Kf6 28. Kh5 Be8+ 29. Kh4 Bc6 30. Ne2 h6 31. g3 Bd5 32. g4 Bc6 33. g5+ Kg6 34. gxh6 gxh6 35. Nc3 Kg7 36. Ne2 Kg6 37. Nc3 Kg7 38. Ne2 Be8 39. Nc3 1/2-1/2

[Event "Montevideo Duchamp Cup 5th"]
[Site "Montevideo"]
[Date "2022.02.15"]
[Round "5"]
[White "Martinez Tagliafico, Sergio"]
[Black "Mateus, Martha"]
[Result "0-1"]
[WhiteElo "1780"]
[BlackElo "2019"]
[PlyCount "52"]
[EventDate "2022.02.12"]
[EventType "swiss"]
[EventRounds "9"]
[EventCountry "URU"]
[SourceTitle "CBM 206 Extra"]
[Source "ChessBase"]
[SourceDate "2022.03.31"]
[SourceVersion "1"]
[SourceVersionDate "2022.03.31"]
[SourceQuality "1"]

1. d4 d5 2. c4 e6 3. Nc3 c5 4. cxd5 exd5 5. Nf3 Nc6 6. g3 Nf6 7. Bg2 Be7 8. 0-0 0-0 9. dxc5 Bxc5 10. Na4 Be7 11. Be3 Ne4 12. Rc1 Bf6 13. a3 Re8 14. h3 Nxg3 15. fxg3 Rxe3 16. Nc3 d4 17. Na4 Qd6 18. g4 h6 19. Nc5 Qe7 20. Rf2 Be6 21. Qa4 Bd5 22. Qb5 Bxf3 23. Bxf3 Bh4 24. Nd3 Bxf2+ 25. Kxf2 Re8 26. Nf4 Rxf3+ 0-1

[Event "Montevideo Duchamp Cup 5th"]
[Site "Montevideo"]
[Date "2022.02.14"]
[Round "4"]
[White "Rodriguez Delfino, Tiago"]
[Black "Martinez Tagliafico, Sergio"]
[Result "0-1"]
[WhiteElo "1470"]
[BlackElo "1780"]
[PlyCount "62"]
[EventDate "2022.02.12"]
[EventType "swiss"]
[EventRounds "9"]
[EventCountry "URU"]
[SourceTitle "CBM 206 Extra"]
[Source "ChessBase"]
[SourceDate "2022.03.31"]
[SourceVersion "1"]
[SourceVersionDate "2022.03.31"]
[SourceQuality "1"]

1. e4 c5 2. c3 d5 3. exd5 Qxd5 4. d4 Nf6 5. h3 Bf5 6. Be3 cxd4 7. cxd4 e6 8. a3 Be7 9. Nc3 Qd6 10. Bb5+ Nc6 11. Nf3 0-0 12. Nh4 Be4 13. 0-0 Rfd8 14. Nxe4 Nxe4 15. Nf3 Rac8 16. Rc1 Nf6 17. Qa4 Nd5 18. Bxc6 bxc6 19. Ne5 Bf6 20. Rxc6 Rxc6 21. Qxc6 Bxe5 22. Qb7 Qc7 23. Qa6 Nxe3 24. fxe3 Bf6 25. Kh1 Qg3 26. Qxa7 Qxe3 27. Qa5 Qxd4 28. a4 Qxb2 29. Qa7 Qc3 30. Rb1 h6 31. a5 Rd2 0-1

[Event "URU-chTA"]
[Site "Uruguay"]
[Date "2017.07.08"]
[Round "4.4"]
[White "Ulaneo, Ruben"]
[Black "Martinez Tagliafico, Sergio"]
[Result "1-0"]
[WhiteElo "2134"]
[BlackElo "1978"]
[PlyCount "128"]
[EventDate "2017.07.07"]
[EventType "team-swiss"]
[EventRounds "5"]
[EventCountry "URU"]
[SourceTitle "EXT 2018"]
[Source "ChessBase"]
[SourceDate "2017.10.13"]
[SourceVersion "1"]
[SourceVersionDate "2017.10.13"]
[SourceQuality "1"]
[WhiteTeam "Paysandu"]
[BlackTeam "Cosmopolita Union"]
[WhiteTeamCountry "URU"]
[BlackTeamCountry "URU"]

1. b4 e5 2. Bb2 d6 3. c4 Nf6 4. Nc3 Be6 5. e3 Be7 6. d4 exd4 7. exd4 d5 8. c5 0-0 9. Nf3 Ne4 10. Bd3 Bf5 11. 0-0 Nxc3 12. Bxc3 Bxd3 13. Qxd3 Nd7 14. Rfe1 Nf6 15. Nd2 Re8 16. Re3 Qd7 17. b5 Bf8 18. Rae1 Ng4 19. R3e2 Rxe2 20. Qxe2 Nf6 21. Qd3 Re8 22. Rxe8 Qxe8 23. Kf1 Qe6 24. Nb3 Nh5 25. Bd2 Nf6 26. f3 Be7 27. Bf4 Ne8 28. Na5 b6 29. Nb3 Bf6 30. g4 h6 31. Qe2 Bd8 32. Qxe6 fxe6 33. Nc1 Bf6 34. cxb6 axb6 35. Nb3 Kf7 36. Ke2 Ke7 37. Kd3 Nd6 38. a4 Kd7 39. Nd2 Nf7 40. Bg3 Be7 41. f4 Bd6 42. Nf3 g5 43. fxg5 hxg5 44. Bxd6 Kxd6 45. h4 gxh4 46. Nxh4 Ng5 47. Ng6 Ne4 48. Ne5 Ng5 49. Ke3 Ne4 50. Kf4 Nc3 51. g5 Nxa4 52. g6 Ke7 53. Kg5 Kf8 54. Kh6 Kg8 55. Ng4 Nc3 56. Nf6+ Kf8 57. Kh7 Nxb5 58. g7+ Kf7 59. Ng4 Nxd4 60. g8Q+ Ke7 61. Qg7+ Kd6 62. Qxd4 c5 63. Qe5+ Kd7 64. Nf6+ Ke7 1-0